000
00331nam a22001457a 4500
008
210226b ||||| |||| 00| 0 eng d
020
_a
094532006X
041
_a
eng
080
_2
2nd
_a
37
082
_a
37
100
_a
46
101
_a
EDU
245
_a
EMP Evaluating the Measurement Process
_c
Wheeler, D. J
942
_2
udc
_c
BK
999
_c
55250
_d
55250